Statistiken für Nenne die zehn größten Städte Europas

Klicken Sie hier um das Quiz zu spielen!

Allgemein

  • Dieses Quiz wurde 388 mal gespielt
  • Das Durchschnittsergebnis liegt bei 10 aus 10

Antwortstatistiken

EinwohnerLandStadt% Korrekt
3,57 Millionen
DeutschlandBerlin
99%
9,43 Millionen
Vereinigtes
Königreich
London
99%
6,67 Millionen
SpanienMadrid
99%
12,59 Millionen
RusslandMoskau
99%
11,08 Millionen
Frankreich
Paris
99%
4,28 Millionen
ItalienRom
99%
3,15 Millionen
GriechenlandAthen
96%
5,62 Millionen
SpanienBarcelona
96%
3,14 Millionen
ItalienMailand
91%
5,5 Millionen
RusslandSt. Petersburg
87%

Verteilung der Resultate

Perzentil nach korrekt beantworteten Fragen

Anzahl Personen mit jedem Resultat

Ihre Resultats-Entwicklung

Sie haben dieses Quiz noch nicht gespielt